000 00245nam a22001217a 4500
003 SGT
082 _a370
_bMOR
100 _aMORTON, ANDREW
245 _aDIANA HER TRUE STORY
260 _aINDIA
_bRUPA
_c1992
300 _a165
942 _2ddc
_cBK
999 _c22048
_d22048